Héros de miraculous (part 2) - Statistiques

Statistiques générales
  • Ce quiz a été pris 76 fois
  • Le résultat moyen est 7 sur 8
Statistiques - réponses
Question Réponse % Correct
Quel est le nom de Alix en héroïne ? Bunnix
100%
Quel est le nom de Alya (miraculous cocinelle) en héroïne ? Scarabela
95%
Quel est le nom de Juleka en héroïne ? Tigresse pourpre
95%
Quel est le nom de Luka en héro ? Viperion
93%
Quel est le nom de Zoé (miraculous chat noir) en héroïne ? Blaqueminette
90%
Quel est le nom de Fei Wu (spécial Shangaï) en héroïne ? Lady dragon
90%
Quel est le nom de Felix en héro ? Argos
88%
Quel est le nom de Mylène en héroïne ? Polymouse
71%
Aucun quiz correspondant
Distribution des résultats
% des personnes avec chaque résultat
Percentile par nombre de réponses
Votre historique - résultats
Vous n’avez pas pris ce quiz